000 00734cam a2200241 4500
001 M901
008 090401t1992 xxu||||| |||| 00| 0 eng d
035 _a(Sirsi) u6274
041 _aeng
050 _a333.0062
090 _aRICS 1992/47ABCD
100 _aJonas, Christopher
245 _aPresidential address 1992. "Of those to whom much is given, much is expected".
260 _aLondon
_bRICS
_c1992
300 _a12p. ; 30cm.
350 _a0
520 _aAddress delivered at the Surveyors` Briefing `92 Annual Conference 25-26 September 1992
650 _aPRESIDENTIAL ADDRESSES
690 _aPROFESSIONAL PRACTICE
710 _aRoyal Institution of Chartered Surveyors
_94900
942 _n0
948 _c04/03/1997
999 _c86267
_d86267